00329nam a2200121Ia 4500008004100000041001200041082001600053100001100069245006400080260003700144300001000181650001600191221030s9999 xx 000 0 und d aEnglish a105.23bRam aB. Ram 0aFundamentals Of Microprocessors & Microcomputerscby B. Ram bDhanpat Rai PubaNew Delhic2003 a11.43 aBE Computer